00292 a2200133 4500001000700000020001800007040001100025100002900036240003700065245003200102300000700134362000900141440000800150186660 a85-7153-013-0 cMagnum aRodrigues, Rauer Ribeiro10aE foram felizes para semprelpor10aE foram felizes para sempre a160 a1989 1aRHJ